| 000 | 01194nab a2200217 i 4500 | ||
|---|---|---|---|
| 001 | 768714001 | ||
| 003 | CO-MdFUSB | ||
| 005 | 20240606164920.0 | ||
| 008 | 240606t1979 ag ||||| |||| 00| 0 spa d | ||
| 040 |
_bspa _cCO-MdFUSB _dCO-MdFUSB |
||
| 041 | _aspa | ||
| 100 |
_aLeggett, Pablo, _eautor |
||
| 245 | 1 |
_aAdiós al conde Drácula : _b¿qué ha pasado con el cine de terror? _c/ Pablo Leggett |
|
| 520 | _aLas películas de Lee, dirigidas principalmente por Terence Fisher, se sitúan en el contexto de una realidad cristiana. Los científicos, médicos y profanos eruditos son ineficaces para oponerse al Drácula de Christopher Lee. Fundamentalmente, nada carece de importancia excepto los símbolos de la cruz, el agua sagrada, la Biblia o algún otro símbolo de Cristo (incluida la corona de espinas en las prácticas satánicas de Drácula) | ||
| 650 | 0 |
_aSimbolismo en el arte _91138 |
|
| 650 | 0 |
_aSimbolismo en la Biblia _91140 |
|
| 650 | 7 |
_aReligión _9385 |
|
| 773 | 0 |
_069974 _982719 _dBuenos Aires _oR2611 _tCerteza _w(CO-MdFUSB)768714001 _gNúmero 73, (abril - junio, 1979) páginas: 16 - 18 _qpágina: 16 |
|
| 942 | _cANA | ||
| 945 | _aCatherine Arias Álvarez - Practicante SENA | ||
| 999 |
_c70080 _d70080 |
||